Top 5 Biggest Cities in Algeria by Population - Statistics

General Stats
  • This quiz has been taken 16 times
  • The average score is 2 of 5
Answer Stats
Population City % Correct
3.05m Algiers
100%
983k Oran
93%
546k Blida
14%
786k Boumerdès
7%
634k Tébessa
0%
No matching quizzes found
Score Distribution
Percent of People with Each Score
Percentile by Number Answered
Your Score History
You have not taken this quiz